• 首页
  • 本馆介绍
  • 公告通知
  • 最新文献
  • 馆藏检索
  • 电子资源
  • 读者导购
  • 参考咨询
  • 我的图书馆
  • 登录
  • 详细信息显示
  • 放入我的书架
  • 预约/预借图书
  • 作者相关作品
  • 分类相关作品
  • 丛书相关作品
  • 出版社相关作品

书目信息

  • 表格格式
  • 工作单格式
  • 卡片格式
题名:
建设有中国特色社会主义理论概要
    
 
作者: 刘土尧 主编
分册:  
出版信息: 北京   中共中央党校出版社  1995
页数: 191页
开本: 20cm
丛书名:
单 册:
中图分类: D614
科图分类: 32.2094
主题词: 社会主义建设模式--中国--党校--教材
电子资源:
ISBN: 7-5035-1259-8
000 00763nnam 2200241 45
001 0196018455
005 20070717114537.56
010    @a7-5035-1259-8@dCNY6.30
100    @a19950713d1995 em y0chiy0121 ea
101 0  @achi
102    @aCN@b110000
105    @ay zj 000yy
200 10 @a建设有中国特色社会主义理论概要@AJIAN SHE YOU ZHONG GUO TE SE SHE HUI ZHU YI LI LUN GAI YAO@f刘土尧主编@FLIU TU YAO ZHU BIAN
210    @a北京@c中共中央党校出版社@d1995
215    @a191页@d20cm
300    @a河北省市(地)党校统用系列教材之一
540 1  @a特色社会主义@ATE SE SHE HUI ZHU YI
606    @a社会主义建设模式@y中国@x党校@x教材
690    @aD614
692    @a32.2094
701  0 @a刘土尧@ALIU TU YAO@4主编
801  0 @aCN@bTSSF@c20070717
905    @a10447@dD614@e111
    
    建设有中国特色社会主义理论概要/刘土尧主编.-北京:中共中央党校出版社,1995
    191页;20cm
    河北省市(地)党校统用系列教材之一
    
    ISBN 7-5035-1259-8:CNY6.30
    
●
相关链接 在E读中查询图书 在五车中查询图书 在当当中查询图书 在豆瓣中查询图书


正题名:建设有中国特色社会主义理论概要     索取号:D614/111         预约/预借

序号 登录号 条形码 馆藏地/架位号 状态 备注
1 0765984   207659844   第一样本阅览室/ [索取号:D614/111] 在馆    
2 0770450   207704509   密集书库/ [索取号:D614/111] 在馆    
唐山师范学院图书馆 欢迎您!
大连网信软件有限公司© 版权所有